000 00616nam a2200205Ia 4500
005 20250508165503.0
008 008 250505s9999 xx 000 0 hin d
020 _a81-7910-087-1
037 _aTextual
040 _aFEDL
_beng
_cFEDL
041 _ahin
_2eng
084 _a371.9, SIN
_qFEDL
100 _aSingh Ravi Prakash
_9780990
245 0 _aBauddhik evam vikasatmak akshmta se prabhavit vyaktiyon hetu patthyakaram vikas
260 _aNew Delhi, India
_bKanishka Publishers
_c2014
300 _axii, 284p.
365 _aINR
_b750
942 _cTEXL
_h371.9, SIN
999 _c1395383
_d1395383